Statistiques concernant Pays d'Afrique en 1971

Cliquez ici pour prendre le quiz!

Statistiques générales

  • Ce quiz a été pris 103 fois
    (101 depuis la dernière actualisation)
  • Le résultat moyen est 43 sur 54

Réponses sur la Carte

Les réponses sont colorées sur une échelle allant du rouge au vert en fonction du pourcentage des utilisateurs qui les ont devinées à leur premier essai. Vous pouvez retrouver ces pourcentages ci-dessous.
 

Statistiques - réponses

Pays% Correct
Algérie
96%
Maroc
96%
Égypte
92%
République d'Afrique du Sud
92%
Tunisie
92%
Madagascar
91%
Mali
91%
Soudan
91%
Soudan (actuel Soudan du Sud)
91%
Mauritanie
90%
République Démocratique
du Congo
90%
République du Congo
90%
Sénégal
90%
Éthiopie
89%
Libye
89%
Niger
89%
Nigeria
89%
Somalie
89%
Angola
88%
Guinée
88%
Tchad
88%
Togo
88%
Cameroun
87%
Érythrée
87%
République Centrafricaine
87%
Guinée Équatoriale
86%
Lesotho
86%
Cap-Vert
85%
Côte d'Ivoire
85%
Gabon
85%
Ghana
85%
Zambie
85%
Rwanda
84%
Gambie
83%
Kenya
83%
Liberia
83%
Mozambique
83%
Namibie
83%
Ouganda
83%
Tanzanie
82%
Seychelles
80%
Botswana
78%
Burundi
78%
Comores
78%
Malawi
78%
Sierra Leone
77%
Maurice
75%
Sao Tomé-et-Principe
74%
Swaziland
61%
Rhodésie
38%
République de Haute-Volta
35%
République du Dahomey
20%
Guinée portugaise
16%
Territoire français des Afars et des Issas
10%

Distribution des résultats

Percentile par nombre de réponses

% des personnes avec chaque résultat

Votre développement - résultats

Vous n’avez pas pris ce quiz depuis la dernière actualisation